000
00229nam a2200097Ia 4500
008
170619s9999 xx 000 0 und d
100
_a
RAO K S
245
0
_a
NUMERICAL METHODS FOR SCIENTISTS & ENGINEERS
260
_b
PHI
260
_c
2008
546
_a
ENGLISH
999
_c
19447
_d
19447